| 000 | 00454nam a2200193Ia 4500 | ||
|---|---|---|---|
| 005 | 20240823020228.0 | ||
| 008 | 240823s9999||||xx |||||||||||||| ||und|| | ||
| 020 | _a0-13-459306-5 | ||
| 041 | _aENGLISH | ||
| 082 | _A621.385 M8 | ||
| 100 | _a"Jacob,Michael J" | ||
| 245 | 0 | _aIndustrial Control Electronics | |
| 250 | _a1st | ||
| 260 |
_c1988 _b#VALUE! |
||
| 500 | _aTRANSFERED | ||
| 650 |
_aControl _bElectronics |
||
| 942 | _cBK | ||
| 999 |
_c174266 _d174266 |
||